|
|
|
|
| LEADER |
00000cam a2200000 a 4500 |
| 001 |
vtls001319484 |
| 003 |
SK-MaSNL |
| 005 |
20260301200200.0 |
| 008 |
220509s1997 xo bl frn 10000 slo |
| 015 |
|
|
|a SNBA1998/06-02107
|
| 035 |
|
|
|a SNK000272079
|
| 035 |
|
|
|a urn:nbn:sk:snk-am3izl1
|
| 035 |
|
|
|a A6FC0A78-98B2-4B9D-89F1-40E1D2920E1B
|
| 035 |
|
|
|a urn:nbn:sk:snk-am00gml2
|
| 040 |
|
|
|a SNK
|b slo
|c SNK
|e AACR2
|
| 041 |
0 |
|
|a slo
|b eng
|
| 043 |
|
|
|a e-xo---
|
| 044 |
|
|
|a xo
|c SK
|
| 072 |
|
7 |
|a 91
|x Geografia ako veda. Výskum. Cestovanie
|2 konspekt
|
| 080 |
|
|
|a 91(437.61)(082)
|2 1981
|
| 080 |
|
|
|a (437.61)
|2 2011
|
| 080 |
|
|
|a (062.534)
|2 2011
|
| 080 |
|
|
|a 91:001.891
|2 2011
|
| 245 |
0 |
0 |
|a Problémy geografického výskumu západného Slovenska
|b vybrané referáty ... pri príležitosti nedožitých 70. narodenín akademika Emila Mazúra
|c editor: Ján Szőllős
|
| 260 |
|
|
|a [Bratislava]
|b [Geografický ústav SAV]
|c [1997]
|
| 300 |
|
|
|a 194 strán
|b mapy, schémy, tabuľky
|c 24 cm
|
| 366 |
|
|
|e 100 kusov
|
| 490 |
1 |
|
|a Geographia Slovaca
|x 1210-3519
|v 12/1997
|
| 504 |
|
|
|a Obsahuje bibliografické odkazy
|
| 546 |
|
|
|a Anglické resumé
|
| 650 |
0 |
7 |
|a geografický výskum
|2 SNKPH
|9 67080
|
| 651 |
|
7 |
|a Slovensko západné
|2 SNKPHgeo
|9 161137
|
| 655 |
|
7 |
|a zborníky konferencií
|2 SNKPH
|9 70153
|
| 700 |
1 |
|
|a Szöllös, Ján,
|d 1965-
|4 edt
|9 12375
|
| 830 |
|
0 |
|a Geographia Slovaca
|9 283466
|
| 958 |
|
|
|a ART
|
| 958 |
|
|
|a TL
|
| 958 |
|
|
|a NB
|
| 958 |
|
|
|a OND
|
| 999 |
|
|
|c 889367
|d 891297
|
| 952 |
|
|
|t P60, <03>, [BOOK], {603}
|a SNK
|b SNK
|y PREZ
|7 0
|p 17A0122267
|o snkSC 94995
|i snkKSP 1411/98
|0 0
|1 0
|4 0
|d 1998-02-10
|l 0
|r 2025-09-12 00:00:00
|w 2026-02-24
|
| 952 |
|
|
|t P60, <04>, [BOOK], {604}
|a SNK
|b SNK
|y VYP
|7 0
|p 17A0122268
|o snkSC 94995 D1
|i snkKSP 1412/98
|0 0
|1 0
|4 0
|d 1998-02-10
|l 0
|r 2005-01-02 00:00:00
|w 2026-02-24
|